LEADER 00900nam a2200205 i 4500 001 000000140594 003 CaOOAMICUS 005 20100216000000.0 008 100216s1565 xx u000 u lat u 013 $a114795 040 $aSeMil$bita 245 10$aMacaronicorum poėma. 260 $aVenezia :$bapud Petrum Bosellum,$c1565, [ie. 1555] 300 $a7 x 13, cc. 270 ;$crom. 500 $aDescrizione da : Incunaboli e Cinquecentine della Biblioteca del Seminario di Milano / catalogo a cura di Ubaldo Valentini, Milano 1981. - Numero di catalogo : 695. 700 1 $aFolengo, Teofilo,$c.$0(OLS)http://semarc/name/6088 850 $aSeMil 852 $aSeMil$W1$xVenegono$y1$mFV.B I 24 ^$j93924$B93924$CSeMilBibl$Z2$F99373 $86 996 $6245$aMacaronicorum poėma$9(OLS)http://semarc/title/205424 996 $6260$aVenezia :$bapud Petrum Bosellum$9(OLS)http://semarc/publisher/47312 LEADER 01087nam a2200253 i 4500 001 000000239414 003 CaOOAMICUS 005 20150303000000.0 008 150303s1964 it u000 u ita u 013 $a218319 040 $aSeMil$bita 100 1 $aOppenheim, Felix E.$0(OLS)http://semarc/name/34794 240 10$aDimensions of Freedom.$0(OLS)http://semarc/title/340910 245 10$aDimensioni della libertą /$cFelix E. Oppenheim ; prefazione di Giulio Preti. 260 $aMilano :$bFeltrinelli,$ccopyr. 1964. 300 $aXXVI, 262 p. ;$c23 cm. 490 0 $aI fatti e le idee : Saggi e biografie ;$v110 650 4$aLibertą - Saggi.$0(OLS)http://semarc/subject/6434 700 1 $aPreti, Giulio,$d<1911-1972>.$0(OLS)http://semarc/name/34399 830 2$aI fatti e le idee ;$v110.$0(OLS)http://semarc/title/9191 850 $aSeMil 852 $aSeMil$W1$xVenegono$y1$m3N II 339$j189760$B189760$CSeMilBibl$Z2$F200583 $81 996 $6245$aDimensioni della libertą$9(OLS)http://semarc/title/340909 996 $6260$aMilano :$bFeltrinelli$9(OLS)http://semarc/publisher/30237